Maharshi Dayanand Saraswati ka patra-vyavhar. 2V (Record no. 5591)

MARC details
000 -LEADER
fixed length control field 00514nam a2200169Ia 4500
008 - FIXED-LENGTH DATA ELEMENTS--GENERAL INFORMATION
fixed length control field 230917s9999||||xx |||||||||||||| ||und||
020 ## - ISBN
Price RS 800.00 (set of 2 vol.)
040 ## - CATALOGING SOURCE
-- 5009133
Original cataloging agency VIVEKANANDA LIBRARY
041 ## - Language
-- English
082 ## - DDC NUMBER
Classification number 294.5563092 D33V:M
100 ## - MAIN ENTRY--PERSONAL NAME
Personal name Vedpal, ed.
245 #0 - TITLE STATEMENT
Title Maharshi Dayanand Saraswati ka patra-vyavhar. 2V
260 ## - PUBLICATION, DISTRIBUTION, ETC. (IMPRINT)
Place of publication, distribution, etc Ajmer
Name of publisher, distributor, etc Vedic Pustkalaya
Date of publication, distribution, etc 2015
300 ## - PHYSICAL DESCRIPTION
Pages 694 p.
500 ## - GENERAL NOTE
General note 4558 04/03/2022 HBD22/9287 04/03/2022 Centre for Maharishi Danyand Vedic Studi
942 ## - ADDED ENTRY ELEMENTS (KOHA)
Koha item type Books
Holdings
Withdrawn status Lost status Damaged status Not for loan Location (home branch) Sublocation or collection (holding branch) Date acquired Koha issues (times borrowed) Koha full call number Accession No. Koha date last seen Koha item type
        VIVEKANANDA LIBRARY VIVEKANANDA LIBRARY 28/03/2022   294.5563092 D33V:M 394564 17/09/2023 Books
        VIVEKANANDA LIBRARY VIVEKANANDA LIBRARY 28/03/2022   294.5563092 D33V:M 394565 17/09/2023 Books
© Designed and Maintained by Vivekananda Library, MDU Rohtak